| 000 | 01922cam a2200265Ma 4500 | ||
|---|---|---|---|
| 005 | 20140903175112.0 | ||
| 008 | 010123s1908 ck b fr 001 0 spa d | ||
| 035 | _a(OCoLC)822588357 | ||
| 040 |
_aCHUNN _bspa _cSandra Yazo _dSandra Yazo _dSandra Yazo |
||
| 041 | 0 | _aspa | |
| 082 | 0 | 4 |
_2327.8600981 _a20 |
| 092 | _aE29N020 | ||
| 110 | 1 |
_aColombia _bMinisterio de Relaciones Exteriores _94048 |
|
| 245 | 1 | 0 | _aTratado sobre limites y libre navegacion y convenio sobre modus vivendi en el Río Putumayo entre las repúblicas de Colombia y del Brasil. |
| 250 | _aEdición oficial oficial | ||
| 260 |
_aBogotá (Colombia) _bImprenta nacional _c1908 |
||
| 300 |
_aiv, 121 páginas, [1] hoja plegada _bmapas _c24 x 16 cm |
||
| 500 | _aDetalles físicos: Encuadernación rígida en cartón forrado en cuero, lomo en tela encolada. Portada impresa en una tinta. En la página 16 un mapa plegado. Texto impreso en una columna con varios tipos de letra. Papel manchado. Página 63 rota. | ||
| 505 | _aNotas relativas a las negociaciones sobre arreglo de frontera. ; Tratado entre Colombia y el Brasil. ; Tratado entre o Brasil e a Colombia. ; Convenio de modus vivendi en el Putumayo entre Colombia y el Brasil. ; Accordo de Modus vivendi sobre o Putumayo entre Brasil e Colombia. ; Exposición a la honorable Asamblea Nacional Constituyente y legislativa. ; Informe de la Comisión especial nombrada por la Asamblea Nacional Constituyente y Legislativa para el estudio del tratado entre Colombia y el Brasil. ; Informe del Comisionado Luis Cuervo Márquez Referente a la línea Marachí o Mara-hí. ; Segunda exposición del Sr. Ministerio de Relaciones Exteriores - Replica al honorable Diputado Cuervo Márquez. | ||
| 506 | _aConsulta en sala | ||
| 651 | 7 |
_aColombia _xFrontera _zBrasil _960640 |
|
| 651 | 7 |
_aColombia _xRelaciones internacionales _zBrasil _960639 |
|
| 690 | _aCiencias politicas | ||
| 942 |
_a6 _cLIBRO _e1 |
||
| 999 |
_c242572 _d242572 |
||